000 00682nam a2200253 a 4500
003 AR-BaBNM
005 20251128202803.0
008 082120s2002 ||||||||||||||000 | spa||
040 _cAR-BaBNM
100 1 _aSternberger, Dolf
245 0 0 _aGotthold Ephraim Lessing
_b1729-1979
260 _aBonn
_bInter Nationes
_c1978
300 _a46 p.
_bil.
500 _aContiene referencias bibliográficas en p. 43
650 4 _aLITERATURA ALEMANA
650 4 _aHISTORIA LITERARIA
650 4 _aVIDA LITERARIA
650 4 _aCRITICA LITERARIA
650 4 _aBIOGRAFIAS
655 _aLITERATURA
700 1 _aMartínez-Hernández, Luis
_etraductor
942 _cBK
998 _cMARTIN
999 _c566
_d566